MARC details
| 000 -CABECERA |
| campo de control de longitud fija |
01343nam a22002177a 4500 |
| 008 - DATOS DE LONGITUD FIJA--INFORMACIÓN GENERAL |
| campo de control de longitud fija |
251003b |||||||| |||| 00| 0 eng d |
| 020 ## - NÚMERO INTERNACIONAL ESTÁNDAR DEL LIBRO |
| Número Internacional Estándar del Libro |
9781526670168 |
| 040 ## - FUENTE DE LA CATALOGACIÓN |
| Centro/agencia transcriptor |
tbs |
| 050 ## - SIGNATURA TOPOGRÁFICA DE LA BIBLIOTECA DEL CONGRESO |
| Número de clasificación |
RM222.2 |
| Número de documento/Ítem |
.H236 2024 |
| 100 ## - ENTRADA PRINCIPAL--NOMBRE DE PERSONA |
| Nombre de persona |
Hari, Johann |
| 9 (RLIN) |
25983 |
| Término indicativo de función/relación |
author |
| 245 ## - MENCIÓN DE TÍTULO |
| Título |
Magic pill |
| Resto del título |
: the extraordinary benefits and disturbing risks of the new weight-loss drugs |
| Mención de responsabilidad, etc. |
/ Johann Hari. |
| 260 ## - PUBLICACIÓN, DISTRIBUCIÓN, ETC. |
| Lugar de publicación, distribución, etc. |
London : |
| Nombre del editor, distribuidor, etc. |
Bloomsbury Publishing, |
| Fecha de publicación, distribución, etc. |
2025. |
| 300 ## - DESCRIPCIÓN FÍSICA |
| Extensión |
ix, 331 pages ; |
| Otras características físicas |
20 cm. |
| 520 ## - SUMARIO, ETC. |
| Sumario, etc. |
Over the last decade, an extraordinary scientific breakthrough has taken place. A new kind of drug has arrived on the market, working in an unprecedented way to revolutionise weight loss and dieting.<br/><br/>In 2023, Johann Hari began injecting himself with one of the weight loss drugs transforming how we look, feel and live.<br/><br/>What began as a personal journey soon took him on an international investigation, tackling some of the most world-changing issues as he asked: Who should be taking these medications? How are they set to change not only the way we think about weight loss, but our economies? What are the benefits – and what are the risks? |
| 650 #0 - PUNTO DE ACCESO ADICIONAL DE MATERIA--TÉRMINO DE MATERIA |
| Término de materia o nombre geográfico como elemento de entrada |
Weight loss |
| 9 (RLIN) |
25984 |
| 650 #0 - PUNTO DE ACCESO ADICIONAL DE MATERIA--TÉRMINO DE MATERIA |
| Término de materia o nombre geográfico como elemento de entrada |
Pills |
| 9 (RLIN) |
25985 |
| 650 #0 - PUNTO DE ACCESO ADICIONAL DE MATERIA--TÉRMINO DE MATERIA |
| Término de materia o nombre geográfico como elemento de entrada |
Glucagon-like peptide 1 |
| Subdivisión general |
Agonists |
| 9 (RLIN) |
25986 |
| 650 #0 - PUNTO DE ACCESO ADICIONAL DE MATERIA--TÉRMINO DE MATERIA |
| Término de materia o nombre geográfico como elemento de entrada |
Appetite depressants |
| 9 (RLIN) |
25987 |
| 650 #0 - PUNTO DE ACCESO ADICIONAL DE MATERIA--TÉRMINO DE MATERIA |
| Término de materia o nombre geográfico como elemento de entrada |
Semaglutide |
| 9 (RLIN) |
25988 |
| 942 ## - ELEMENTOS DE ENTRADA AGREGADA (KOHA) |
| Fuente del sistema de clasificación o colocación |
Clasificación de Library of Congress |